000 00678cam a2200217 4500
005 20160804184947.0
008 160804b sp ||||| |||| 00| 0 spa d
020 _a8423997421
050 0 4 _aDP214
_bA78 1999
100 1 _aArtola, Miguel
245 3 _aLa España de Fernando VII /
_cMiguel Artola ; intr. por Carlos Seco Serrano.
250 _a2 ed.
260 _aMadrid :
_bEspasa,
_c1999
300 _a788 p. ;
_c22 cm.
490 _aEspasa e Forum
504 _aIncluye índice
600 1 7 _2LEMB
_aFernando VII
_cRey de España
_d 1784-1833.
651 7 _2LEMB
_aEspaña
_xHistoria
_yFernando VII 1813-1833
700 1 _aSeco Serrano, Carlos,
_eintrod.
942 _2lcc
_cLIB
999 _c60416
_d60416